विश्व के पक्षी / (Record no. 10910)

MARC details
000 -LEADER
fixed length control field 01850 a2200277 4500
005 - DATE AND TIME OF LATEST TRANSACTION
control field 20080829144047.0
008 - FIXED-LENGTH DATA ELEMENTS--GENERAL INFORMATION
fixed length control field 080829t xxu||||| |||| 00| 0 hin d
010 ## - LCCN (DPL NO)
LC control number HIN-82701 B-283480
020 ## - INTERNATIONAL STANDARD BOOK NUMBER
Terms of availability 300.00
International Standard Book Number 8188032182
035 ## - SYSTEM CONTROL NUMBER
System control number HN-55047
035 ## - SYSTEM CONTROL NUMBER
System control number B-283480
035 ## - SYSTEM CONTROL NUMBER
System control number B-257371
037 ## - SOURCE OF ACQUISITION
Source of stock number/acquisition पु.प्र.अ.प्र/प्रका
082 ## - DEWEY DECIMAL CLASSIFICATION NUMBER
Classification number 598
100 ## - MAIN ENTRY--PERSONAL NAME
Personal name मुखर्जी, श्रावणी
9 (RLIN) 48169
245 ## - TITLE STATEMENT
Title विश्व के पक्षी /
Statement of responsibility, etc श्रावणी मुखर्जी
246 ## - VARYING FORM OF TITLE
Title proper/short title Vishwa ke pakshi
Remainder of title by S. Mukherjee
260 ## - PUBLICATION, DISTRIBUTION, ETC. (IMPRINT)
Place of publication, distribution, etc दिल्ली
Name of publisher, distributor, etc दिल्ली पुस्तक सदन
Date of publication, distribution, etc 2006
270 ## - ADDRESS
Address 30/36, लेन न. 9, विश्वास नगर , शाहदरा
City दिल्ली
Postal code 110032
300 ## - PHYSICAL DESCRIPTION
Extent 247पृ
Other physical details सचित्र
Dimensions 22 सेमी (सजिल्द)
942 ## - ADDED ENTRY ELEMENTS (KOHA)
Institution code [OBSOLETE] dpl
Item type Hindi Books
Call number prefix 598 / मुखर्जी
Source of classification or shelving scheme Dewey Decimal Classification
Classification part 598
Call number suffix मुखर्जी
Holdings
Withdrawn status Lost status Damaged status Not for loan Home library Current library Date acquired Cost, normal purchase price Total Checkouts Full call number Barcode Date last seen Copy number Cost, replacement price Koha item type Source of classification or shelving scheme Collection code Source of acquisition
        D.B.Act.Division D.B.Act.Division   300.00   598 मुखर्जी HN-55047 15/09/2008 1 300.00 Hindi Books      
        Sarojini Nagar Sarojini Nagar 29/05/2012 300.00   598 मुखर्जी B-257371 29/05/2012   200.00 Hindi Books Dewey Decimal Classification Non-fiction  
        Sarojini Nagar Sarojini Nagar 10/05/2019     598 मुखर्जी B-257394 10/05/2019     Hindi Books Dewey Decimal Classification Non-fiction  
        Vinoba Puri Vinoba Puri 26/09/2008 300.00 11 598 मुखर्जी B-283480 13/08/2016 1 300.00 Hindi Books Dewey Decimal Classification Non-fiction दि.पु.सदन/079/28.7.08/20/15.7.08/29.7.08

© Delhi Public Library
Hit Counter
free hit counter